000 01624nam a2200409 a 4500
001 ebr10479674
003 CaPaEBR
006 m u
007 cr cn|||||||||
008 030522s2003 enk sb 001 0 eng d
010 _z 2003011541
020 _z0745321070 (hardback)
020 _z0745321062 (pbk.)
020 _z9780745321073
020 _z9781849642088 (e-book)
040 _aCaPaEBR
_cCaPaEBR
035 _a(OCoLC)53978042
043 _ae-uk-ni
050 1 4 _aDA990.U46
_bC726 2003eb
082 0 4 _a941.60824
_221
100 1 _aCrawford, Colin,
_d1948-
245 1 0 _aInside the UDA
_h[electronic resource] :
_bvolunteers and violence /
_cColin Crawford ; foreword by Marie Smyth.
260 _aLondon ;
_aSterling, Va. :
_bPluto Press,
_c2003.
300 _axix, 225 p.
504 _aIncludes bibliographical references and index.
533 _aElectronic reproduction.
_bPalo Alto, Calif. :
_cebrary,
_d2013.
_nAvailable via World Wide Web.
_nAccess may be limited to ebrary affiliated libraries.
610 2 0 _aUlster Defence Association
_xHistory.
650 0 _aParamilitary forces
_zNorthern Ireland
_xHistory
_y20th century.
650 0 _aPolitical violence
_zNorthern Ireland
_xHistory
_y20th century.
650 0 _aUnionism (Irish politics)
651 0 _aNorthern Ireland
_xPolitics and government.
651 0 _aNorthern Ireland
_xHistory, Military.
655 7 _aElectronic books.
_2local
700 1 _aSmyth, Marie.
710 2 _aebrary, Inc.
856 4 0 _uhttp://site.ebrary.com/lib/rucke/Doc?id=10479674
_zAn electronic book accessible through the World Wide Web; click to view
999 _c117602
_d117602